[Event "Marshall Chess Club GM 2020"]
[Site "New York"]
[Date "2020.02.29"]
[Round "6"]
[White "Colas, Joshua"]
[Black "Paragua, Mark"]
[Result "0-1"]
[WhiteElo "2319"]
[BlackElo "2513"]
[Annotator "TA"]
[PlyCount "102"]
[EventDate "2020.02.27"]
[EventType "tourn"]
[EventCountry "USA"]
[SourceTitle "playchess.com"]
[Source "ChessBase"]
[SourceQuality "1"]

{[%evp 9,102,6,19,4,17,13,26,31,24,28,24,0,27,0,3,0,0,0,0,0,0,0,0,0,0,0,0,0,0,0,0,0,0,0,0,-52,-43,-57,-52,-149,-170,-150,-126,-128,-75,-84,-75,-75,-75,-66,-72,-85,-75,-108,-108,-143,-131,-152,-43,-49,0,0,0,0,0,0,0,0,0,0,0,0,0,0,0,0,0,0,0,0,0,-853,-836,-837,0,-752,-645,-1090,-1069,-1674,-1407,-12842,-12843,-12845,-12846]} 1. e4 c5 2. Nf3 d6 3. Bb5+ Nd7 4. a4 Ngf6 5. Nc3 e6 6. O-O {B51: Sicilian: Moscow Variation (3 Bb5+) without 3...Bd7.} Be7 7. a5 a6 8. Be2 {White has an edge.} O-O 9. d4 cxd4 {[#]} 10. Nxd4 $146 ({Predecessor:} 10. Qxd4 Qc7 11. h3 Ne5 12. Be3 Bd7 13. Rfd1 Rac8 14. Nd2 Bc6 15. f3 Rfd8 16. Nc4 Nxc4 17. Qxc4 {0-1 (23) Pniaczek,M (2226)-Niekras,D (2296) Jastrzebia Gora 2019}) 10... Qc7 11. Be3 Nc5 12. f3 Rd8 13. Qe1 d5 $1 14. exd5 exd5 15. b4 Ne6 16. Nxe6 Bxe6 17. Bb6 Qf4 18. g3 Qxb4 19. Bxd8 Qc5+ 20. Qf2 Rxd8 21. Qxc5 Bxc5+ 22. Kg2 ({Better is} 22. Kh1 $11) 22... Bd4 $1 $36 {[%cal Rd4c3][%mdl 2048] Black fights for an advantage.} 23. Ra3 Rc8 24. Nb1 (24. Na2 $15) 24... Rxc2 $17 25. Re1 g5 26. Rd3 Bc5 ({Black should play} 26... Be5 27. Rd2 Rc5 28. Bxa6 Bc7 29. Bxb7 Bxa5 30. Rxe6 fxe6) 27. Rc3 Rxc3 28. Nxc3 {next Rb1 is good for White.} Bb4 {[%mdl 64] Double Attack} 29. Rc1 Bxa5 30. Na4 Nd7 $1 31. Rc8+ Kg7 32. Ra8 d4 33. Ra7 {[#]} Bb3 (33... g4 $1 $17 34. Rxb7 (34. fxg4 Ne5) 34... Ne5) 34. Nb2 $15 Nc5 {...Bc2 is the strong threat.} 35. Nd3 Nxd3 36. Bxd3 $11 {[%mdl 4096] Endgame KRB-KB} Bd5 37. Be4 $1 {[%cal Re4d5]} Bb6 {Threatens to win with ...Bxe4.} 38. Ra8 $1 Bxe4 39. fxe4 {KR-KB} Bc5 (39... d3 $5 40. Kf1 $8 Bc5 $11) 40. g4 Kf6 41. Kf3 Ke6 42. Re8+ Kd7 43. Re5 {[%mdl 64] Double Attack} Kc6 44. Ke2 a5 45. Rxg5 $2 {[%mdl 8192]} (45. Rf5 $11) 45... a4 $19 46. Kd3 a3 $2 (46... Kb5 $1 $19 {aiming for ...a3.} 47. Rf5 a3) 47. Rf5 $2 {[%mdl 8192]} (47. Kc2 $11) 47... Kb5 $1 {[%cal Rb5b4] Black is clearly winning.} 48. Rxf7 {[#]} Ka4 $1 49. Kc2 {[#]} d3+ $1 {[%mdl 512]} 50. Kb1 {[#]} (50. Kxd3 a2) 50... Kb3 $1 {( -> ...a2+)} 51. Rxb7+ Bb4 {Accuracy: White = 68%, Black = 87%.} 0-1

[Event "Marshall Chess Club GM 2020"]
[Site "New York"]
[Date "2020.03.01"]
[Round "7"]
[White "Perunovic, Milos"]
[Black "Khamrakulov, Djurabek"]
[Result "1/2-1/2"]
[WhiteElo "2591"]
[BlackElo "2525"]
[Annotator "TA"]
[PlyCount "20"]
[EventDate "2020.02.27"]
[EventType "tourn"]
[EventCountry "USA"]
[SourceTitle "playchess.com"]
[Source "ChessBase"]
[SourceQuality "1"]

{[%evp 9,20,26,31,22,24,13,21,9,28,18,38,21,31]} 1. e4 c6 2. d4 d5 3. e5 Bf5 4. Nf3 e6 5. Be2 Ne7 6. c3 {B12: Caro-Kann: Advance Variation.} h6 7. Na3 {[%cal Bb1a3,Ba3c2,Bc2e1][%mdl 32]} Nd7 8. Nc2 Qc7 9. O-O Bh7 {[#]} 10. Nce1 $146 ({Predecessor:} 10. Nfe1 c5 11. Bd3 Bxd3 12. Nxd3 Rc8 13. f4 g6 14. dxc5 Nxc5 15. Nxc5 Qxc5+ 16. Be3 {½-½ (26) Turkov,V (2550)-Napalkov,V (2506) ICCF email 2013}) 10... c5 {Not much happened in this game.} 1/2-1/2

[Event "Marshall Chess Club GM 2020"]
[Site "New York"]
[Date "2020.03.01"]
[Round "7"]
[White "Paragua, Mark"]
[Black "Wang, Kevin"]
[Result "1-0"]
[WhiteElo "2513"]
[BlackElo "2418"]
[Annotator "TA"]
[PlyCount "69"]
[EventDate "2020.02.27"]
[EventType "tourn"]
[EventCountry "USA"]
[SourceTitle "playchess.com"]
[Source "ChessBase"]
[SourceQuality "1"]

{[%evp 13,69,16,18,4,8,0,14,0,9,0,7,-47,-52,-69,0,0,-8,-10,-1,-47,-9,-16,0,-29,-33,-31,-26,-15,-16,-41,-11,-10,-20,-17,-30,-25,-28,-29,-36,-40,0,0,0,0,0,0,0,0,30,30,133,131,178,168,339,344,400,274]} 1. Nf3 d5 2. g3 g6 3. Bg2 Bg7 4. d4 Nf6 5. O-O c6 6. b3 O-O 7. Nbd2 a5 8. e3 {D02: 1 d4 d5 2 Nf3 sidelines, including 2...Nf6 3 g3 and 2...Nf6 3 Bf4.} Bf5 9. c4 a4 10. Ba3 {The position is equal.} Nbd7 11. Qe2 Re8 {[#]} 12. Nh4 $1 $146 {[%mdl 8] A relevant novelty.} (12. Bb2 $11) ({Predecessor:} 12. cxd5 Nxd5 13. e4 Nc3 14. Qd3 Nb5 15. exf5 Nxa3 16. bxa4 Rxa4 17. Qb3 Ra7 18. Ng5 {0-1 (37) Caruana,F (2818)-Vachier Lagrave,M (2778) Saint Louis 2019}) 12... Bg4 $15 13. f3 Be6 ({Black should try} 13... Bh5 $15) 14. f4 $11 Bg4 15. Qd3 e6 16. cxd5 cxd5 17. Rfc1 Qb6 18. Bf1 axb3 19. Qxb3 Bf5 20. Qxb6 Nxb6 21. Bc5 Nbd7 22. Bb4 Rec8 23. Nxf5 gxf5 24. Rxc8+ Rxc8 25. Nf3 Bf8 26. Be1 Ba3 27. Rb1 b6 28. Bd3 Ne4 29. Kf1 Kf8 30. Rb3 Bd6 31. Ne5 $36 {[%mdl 2048] White is pushing.} Ndf6 (31... Bxe5 $11 {keeps the balance.} 32. fxe5 f6) 32. Rxb6 $16 Rc1 {[#]} 33. Ke2 $1 Ra1 $2 (33... Ke8 34. h3 Ra1) 34. Bb1 $18 Kg7 35. Rb7 {Accuracy: White = 85%, Black = 59%.} 1-0

[Event "Marshall Chess Club GM 2020"]
[Site "New York"]
[Date "2020.03.01"]
[Round "7"]
[White "Yoo, Christopher Woojin"]
[Black "Niemann, Hans Moke"]
[Result "0-1"]
[WhiteElo "2430"]
[BlackElo "2459"]
[Annotator "TA"]
[PlyCount "44"]
[EventDate "2020.02.27"]
[EventType "tourn"]
[EventCountry "USA"]
[SourceTitle "playchess.com"]
[Source "ChessBase"]
[SourceQuality "1"]

{[%evp 14,44,38,45,47,50,29,40,87,90,121,23,36,9,19,-25,-25,-112,-105,-97,-105,-92,-115,-594,-398,-370,-304,-29991,-29992,-29992,-29993,-29993,-29994]} 1. e4 e5 2. Nf3 Nc6 3. Bb5 Nf6 4. d4 exd4 5. O-O a6 6. Ba4 d6 7. Bxc6+ bxc6 8. Nxd4 {8.Nxd4 scores better than 8.Qxd4.} Bd7 {C79: Ruy Lopez: Steinitz-type lines with 3...a6 4 Ba4 Nf6 5 0-0 d6.} 9. Qf3 c5 10. Nf5 {[#]} h6 $146 {[#]White is slightly better.} ({Predecessor:} 10... Bxf5 11. exf5 Rb8 12. g4 h6 13. h4 Be7 14. g5 hxg5 15. hxg5 Nh7 16. Re1 O-O {1-0 (42) Karjakin,S (2725)-Aronian,L (2782) Nice 2010}) 11. Re1 $1 {e5 is the strong threat.} Bc6 {[#]} 12. Qc3 (12. Qd3 $1 $16 {And now e5 would win.} Qd7 13. Nc3) 12... Qd7 $1 $11 13. f3 {Threatening Bxh6!} O-O-O $1 {[%cal Ba8d8,Bd8g8,Bg8g3][%mdl 32] [#]} 14. Bxh6 $1 {[%mdl 512]} d5 $1 $36 {[%cal Rd5e4][%mdl 2048] Black is pushing.} (14... gxh6 15. Qxf6) 15. Bxg7 (15. Rd1 $1 $11 {keeps the balance.}) 15... Bxg7 $17 16. Nxg7 dxe4 17. Qxf6 exf3 {Hoping for ...Rdg8.} 18. Nf5 $2 {[%mdl 8192] White does not recover from this.} (18. Qf5 $17 {is a better chance.} Rhg8 19. Qxd7+ Rxd7 20. gxf3) 18... Rdg8 19. Ng3 ({Stronger than} 19. Ne7+ Kb7 $17) 19... Kb7 {aiming for ...Qg4.} 20. a4 $2 {[#]} ({Avoid the trap} 20. gxf3 $2 Qh3 $19) (20. Qf4 $19 Rg4 21. Qd2 (21. Qf6 $2 Rgh4 $19)) 20... Rxh2 $3 {[%mdl 512] Black mates.} 21. Ra3 (21. Kxh2 Qg4) 21... Rxg3 22. Rb3+ {[#]} Ka7 $1 {Accuracy: White = 41%, Black = 84%.} 0-1

[Event "Marshall Chess Club GM 2020"]
[Site "New York"]
[Date "2020.03.01"]
[Round "7"]
[White "Kaliksteyn, Alexander"]
[Black "Korley, Kassa"]
[Result "1/2-1/2"]
[WhiteElo "2394"]
[BlackElo "2430"]
[Annotator "TA"]
[PlyCount "40"]
[EventDate "2020.02.27"]
[EventType "tourn"]
[EventCountry "USA"]
[SourceTitle "playchess.com"]
[Source "ChessBase"]
[SourceQuality "1"]

{[%evp 10,40,16,16,14,16,13,14,21,22,22,22,24,22,24,14,35,33,36,20,32,18,16,0,6,0,0,0,12,4,5,6,6]} 1. d4 d5 2. Bf4 Nf6 3. e3 e6 4. Nf3 Bd6 5. Bxd6 Qxd6 6. c4 O-O {D02: 1 d4 d5 2 Nf3 sidelines, including 2...Nf6 3 g3 and 2...Nf6 3 Bf4.} 7. Nc3 b6 8. Rc1 a6 9. cxd5 exd5 10. Be2 Nbd7 11. O-O Bb7 {[#]} 12. Qc2 $146 ({Predecessor:} 12. Qb3 Rfe8 13. Rfd1 Rac8 14. Qa4 b5 15. Qa5 Nb8 16. Nb1 Nc6 17. Qa3 Qxa3 18. Nxa3 {1-0 (52) Nikolov,M (2577)-Rakesh,K (2435) Cappelle-la-Grande 2019}) 12... g6 13. Rfd1 Rfe8 14. a3 c6 15. Qb3 Rab8 {The position is equal.} 16. Qb4 c5 17. dxc5 bxc5 {[%cal Bb6c5,Bc5b4][%mdl 32]} 18. Qa5 Rec8 19. b4 d4 20. exd4 cxb4 $1 {Accuracy: White = 100%, Black = 100%.} 1/2-1/2

[Event "Marshall Chess Club GM 2020"]
[Site "New York"]
[Date "2020.03.01"]
[Round "7"]
[White "Wang, Qibiao"]
[Black "Colas, Joshua"]
[Result "1-0"]
[WhiteElo "2362"]
[BlackElo "2319"]
[Annotator "TA"]
[PlyCount "83"]
[EventDate "2020.02.27"]
[EventType "tourn"]
[EventCountry "USA"]
[SourceTitle "playchess.com"]
[Source "ChessBase"]
[SourceQuality "1"]

{[%evp 23,83,36,49,7,22,21,20,28,42,32,34,27,38,0,0,0,116,116,111,119,123,113,225,112,125,122,100,106,138,151,168,162,243,150,281,277,262,205,262,238,330,295,491,484,483,472,475,436,550,545,522,488,549,537,597,595,875,749,882,446,29988,607]} 1. d4 Nf6 2. Nf3 c5 3. d5 e6 4. c4 exd5 5. cxd5 d6 6. Nc3 g6 7. Nd2 Na6 8. e4 Nc7 9. Be2 Bg7 10. O-O O-O 11. a4 b6 {11...Nfe8 is not played anymore.} 12. Re1 Re8 13. Bf1 {A78: Modern Benoni: Classical: 9...Re8 10 Nd2 Na6.} Rb8 14. Nc4 Ba6 15. Bg5 {The position is equal.} h6 16. Bh4 {f4 is the strong threat.} Bxc4 17. Bxc4 a6 18. Qd3 g5 19. Bg3 $36 {[%mdl 2048] [#] White is more active.} Ng4 $146 (19... b5 $1 $11 {remains equal.} 20. axb5 axb5 21. Nxb5 Nxb5 22. Bxb5 Rxe4 23. Rxe4 Nxe4) ({Predecessor:} 19... b5 20. axb5 axb5 21. Nxb5 Nxb5 22. Bxb5 Rxe4 23. Rxe4 Nxe4 24. Qxe4 Rxb5 25. Bxd6 Rxb2 26. Bxc5 Rd2 27. Re1 {½-½ (27) Sergienko,S (2425)-Kovchan,A (2441) Smolensk 2000}) 20. Bxa6 $16 h5 21. h3 h4 {[#]} 22. Bxd6 $1 ({Don't play} 22. hxg4 $6 hxg3 23. Bb5 (23. fxg3 $2 Bd4+ 24. Kf1 Qf6+ 25. Qf3 Nxa6 $19) 23... gxf2+ 24. Kxf2 Nxb5 $14) 22... Nxa6 (22... Qxd6 $16 23. hxg4 Nxa6) 23. Qxa6 (23. Bxb8 $18 {is the precise move to win.} Nxf2 24. Kxf2 (24. Qxa6 Bd4 $18)) 23... Qxd6 24. hxg4 Qf4 25. Qe2 Bd4 26. Qf3 Qe5 27. Rad1 Rbd8 (27... Qg3 {is a better defense.} 28. Re2 Qxf3 29. gxf3 Ra8) 28. Qf5 Qg7 (28... Kg7 $16 29. Qxe5+ Bxe5) 29. Nb5 $18 Bxb2 30. d6 c4 31. Qd5 c3 {Black wants to play ...c2.} 32. Qb3 Re5 $2 {[#]} (32... Re6 33. Re3 Kh7) 33. Nxc3 Bxc3 34. Qxc3 Rc5 35. Qb4 Qe5 36. Qxb6 Rd7 37. Re2 Kh7 38. Red2 Kh6 39. Qb4 Ra5 40. Rd3 Raa7 41. Qd4 Qe6 (41... Qxd4 $18 42. Rxd4 f6) 42. Qh8+ {Accuracy: White = 72%, Black = 34%.} 1-0

[Event "Marshall Chess Club GM 2020"]
[Site "New York"]
[Date "2020.03.01"]
[Round "8"]
[White "Perunovic, Milos"]
[Black "Kaliksteyn, Alexander"]
[Result "1/2-1/2"]
[WhiteElo "2591"]
[BlackElo "2394"]
[Annotator "TA"]
[PlyCount "38"]
[EventDate "2020.02.27"]
[EventType "tourn"]
[EventCountry "USA"]
[SourceTitle "playchess.com"]
[Source "ChessBase"]
[SourceQuality "1"]

{[%evp 9,25,-5,0,6,0,-7,-20,-18,-9,-22,-22,-12,-19,-16,-24,-25,-23,-33]} 1. e4 c5 2. Nc3 Nc6 3. Bb5 Nd4 4. Nf3 a6 5. Bc4 b5 6. Bd5 {B23: Closed Sicilian: Lines without g3.} Rb8 {Threatens to win with ...e6.} 7. Nxd4 (7. a3 {looks sharper.} e6 8. Ba2 Nxf3+ 9. Qxf3 Bd6 10. d3) 7... cxd4 8. Ne2 {The position is equal.} Nf6 9. Bb3 Nxe4 10. Nxd4 e6 11. O-O Nc5 12. Qg4 Bb7 13. d3 {[#] Not much happened in this game. Accuracy: White = 100%, Black = 100%.} {Predecessor:} Be7 $146 14. Qxg7 Bf6 15. Qg4 h5 16. Qf4 Rg8 17. f3 d6 18. Qe3 Be5 19. Qf2 Qf6 {1-0 (60) Sivuk,V (2324)-Nijs,N (2150) Herceg Novi 2008} 1/2-1/2

[Event "Marshall Chess Club GM 2020"]
[Site "New York"]
[Date "2020.03.01"]
[Round "8"]
[White "Khamrakulov, Djurabek"]
[Black "Niemann, Hans Moke"]
[Result "1/2-1/2"]
[WhiteElo "2525"]
[BlackElo "2459"]
[Annotator "TA"]
[PlyCount "32"]
[EventDate "2020.02.27"]
[EventType "tourn"]
[EventCountry "USA"]
[SourceTitle "playchess.com"]
[Source "ChessBase"]
[SourceQuality "1"]

{[%evp 13,14,-26,-18]} 1. Nf3 Nf6 2. g3 g6 3. Bg2 Bg7 4. O-O O-O 5. b3 d5 6. Bb2 c5 7. c4 d4 {[#]} {Predecessor:} 8. b4 $146 {A05: Réti Opening: 1 Nf3 Nf6.} Nfd7 9. a3 e5 10. d3 Nc6 11. Nbd2 a5 12. Ne4 axb4 13. axb4 Rxa1 14. Qxa1 cxb4 15. e3 dxe3 16. fxe3 Qe7 {0-1 (50) Zvjaginsev,V (2642)-Inarkiev,E (2693) Moscow 2018} 1/2-1/2

[Event "Marshall Chess Club GM 2020"]
[Site "New York"]
[Date "2020.03.01"]
[Round "8"]
[White "Korley, Kassa"]
[Black "Paragua, Mark"]
[Result "0-1"]
[WhiteElo "2430"]
[BlackElo "2513"]
[Annotator "TA"]
[PlyCount "48"]
[EventDate "2020.02.27"]
[EventType "tourn"]
[EventCountry "USA"]
[SourceTitle "playchess.com"]
[Source "ChessBase"]
[SourceQuality "1"]

{[%evp 16,48,28,31,20,20,25,-20,0,-47,0,0,0,-8,0,0,0,-38,-28,-28,-33,-70,-58,-118,-49,-111,-98,-131,-21,-116,-129,-117,-112,-660,-641]} 1. d4 Nf6 2. Nf3 g6 3. Bf4 Bg7 4. e3 O-O 5. Be2 d6 6. c3 c5 7. O-O Nc6 8. h3 cxd4 9. exd4 Nd5 {A48: 1 d4 Nf6 2 Nf3 g6: Torre, London and Colle Systems.} 10. Bg3 e5 11. c4 {[#]} e4 $146 {The position is equal.} ({Predecessor:} 11... Nb6 12. Nc3 exd4 13. Nb5 Ne5 14. Nfxd4 Nbxc4 15. Bxc4 Nxc4 16. Rc1 a6 17. Rxc4 axb5 18. Nxb5 {0-1 (57) Fronda Pascua,J (2165)-Laylo,D (2451) Subic Bay 2016}) 12. Nfd2 Nde7 13. Nxe4 Nxd4 14. Nbc3 d5 $36 {[%mdl 2048] Black is pushing.} 15. cxd5 Nxd5 16. Bc4 Be6 {White must now prevent ...Nxc3.} 17. Bxd5 Bxd5 18. Nd6 Bc6 19. Re1 {[#]} (19. Ne2 $15 Nb5 20. Nc3 Nxc3 21. bxc3) 19... Qg5 (19... f5 $1 $17 {[%cal Rf5f4] Strongly threatening ...f4.} 20. Bf4 g5) 20. h4 ({White should play} 20. Rc1 $15) 20... Qc5 $17 {aiming for ...f5.} 21. Rc1 {[#]} Qb4 (21... Rad8 $1 $17 {Threatens to win with ...Bh6.} 22. Qg4 Qb4) 22. Qd3 (22. Ne2 $1 $11) 22... Rad8 ({Not} 22... Qxb2 $2 23. Nc4 $18) 23. Qc4 Qxb2 24. Kh2 $2 {[%mdl 8192] [#]} (24. Rb1 $17 Qd2 25. Rbc1) 24... Rxd6 $1 {[%mdl 512] Accuracy: White = 38%, Black = 64%.} 0-1

[Event "Marshall Chess Club GM 2020"]
[Site "New York"]
[Date "2020.03.01"]
[Round "8"]
[White "Wang, Kevin"]
[Black "Wang, Qibiao"]
[Result "1-0"]
[WhiteElo "2418"]
[BlackElo "2362"]
[Annotator "TA"]
[PlyCount "99"]
[EventDate "2020.02.27"]
[EventType "tourn"]
[EventCountry "USA"]
[SourceTitle "playchess.com"]
[Source "ChessBase"]
[SourceQuality "1"]

{[%evp 14,99,14,8,19,20,16,15,25,17,22,18,20,0,0,0,0,0,10,18,18,12,29,22,12,15,12,-50,-47,-83,-85,-156,-153,-148,-140,-153,-88,-85,-15,-23,0,0,0,-128,-101,-110,66,59,71,45,47,52,79,22,110,17,12,22,210,193,177,203,252,239,374,373,381,366,480,479,485,485,480,476,479,460,1026,1020,963,973,12841,12840,12841,12839,29986,12845,12845,12840]} 1. e4 e5 2. Bc4 Nf6 3. d3 Nc6 4. Nf3 Bc5 5. O-O O-O 6. h3 d6 7. c3 h6 8. Re1 a6 {8...a5 is the hot move. Played by Hikaru Nakamura in February 2020. C54: Giuoco Piano: 4 c3 Nf6, main lines with 5 d4 and 5 d3.} 9. a4 Re8 10. Nbd2 {[%cal Bb1d2,Bd2f1,Bf1e3,Be3d5][%mdl 32]} Ba7 {The position is equal.} 11. Nf1 Be6 12. Bxe6 Rxe6 13. Be3 Bxe3 14. Nxe3 d5 15. Qc2 Qd7 16. b4 Rae8 17. b5 Ne7 {[#]} 18. c4 $146 ({Predecessor:} 18. Reb1 Ng6 19. c4 d4 20. Nf5 Ra8 21. Kh2 Kh7 22. g4 Ne7 23. Re1 c5 24. bxc6 Qxc6 25. g5 Nh5 26. Rg1 Nxf5 27. exf5 Qxf3 {½-½ (27) Rudenko,A (2329)-Guberna,A (2390) ICCF email 2018}) 18... d4 19. Nd5 Ng6 20. bxa6 (20. Rec1 $11) 20... Rxa6 21. Rab1 Nxd5 22. cxd5 (22. exd5 $142 b6 23. Rb5) 22... Nf4 $1 $17 {White must now prevent ...Rg6!} 23. Nh4 {[#]} (23. Rxb7 $2 Rg6 $1 $19 {[%mdl 512]}) 23... c6 $1 24. d6 g6 (24... Rea8 $142 25. Nf5 Rxa4) 25. Nf3 g5 (25... Kg7 $17) 26. Nh2 $11 Kg7 27. Nf1 Rea8 28. Rb4 (28. Ng3 $11) 28... c5 $1 $17 {[%cal Rc5b4]} (28... Qxd6 29. Rxb7 Rxa4 30. Ng3 $11) 29. Rb5 Ne6 $2 (29... Qxd6 $6 30. Ng3 $11) (29... Rxa4 $17 30. Reb1 Ra2) 30. Reb1 Qxd6 31. Ng3 Kh7 32. Nf5 Qc6 33. Rxb7 ({White should play} 33. Ne7 $16 Qe8 34. Nd5) 33... R6a7 {[#]} (33... R8a7 $1 $11 {remains equal.} 34. Rxa7 Rxa7) 34. R7b6 ({Better is} 34. R7b5 $1 $16) 34... Qxa4 $11 35. Qe2 $36 {[%mdl 2048] Hoping for Qh5. White has some pressure.} Qe8 $2 (35... Rg8 $1 $11) 36. Qh5 $18 {aiming for h4.} Qf8 37. h4 g4 38. Kh2 ({Much less strong is} 38. Qxg4 $6 Qd8 $16) 38... c4 (38... Ra6 $142 39. g3 (39. Qxg4 Rxb6 40. Rxb6 Qg8 $16) (39. Nxh6 Qxh6 40. Qxf7+ Kh8 $18) 39... Rxb6 40. Rxb6 Ra7) 39. dxc4 d3 40. Rd6 Rd8 41. Rxd8 Nxd8 42. Rb6 {[%cal Rb6h6]} Ne6 43. Rd6 Rc7 44. g3 Rxc4 {[#]} (44... Rb7 $142 45. Rxd3 f6) 45. Nxh6 $1 {[%mdl 576] Double Attack, Discovered Attack} Ng7 (45... Qxh6 46. Qxf7+) 46. Qxe5 Rc2 47. Nxg4 Ne6 48. Rxd3 Qc8 49. Qh5+ (49. Rf3 $142 Ng7 50. Nf6+ Kh8 51. Qg5 Nf5 52. Rf4 Rxf2+ 53. Rxf2 Qb8 54. Qxf5) 49... Kg8 50. Qh6 {White used his chance. Accuracy: White = 75%, Black = 58%.} 1-0

[Event "Marshall Chess Club GM 2020"]
[Site "New York"]
[Date "2020.03.01"]
[Round "8"]
[White "Colas, Joshua"]
[Black "Yoo, Christopher Woojin"]
[Result "0-1"]
[WhiteElo "2319"]
[BlackElo "2430"]
[Annotator "TA"]
[PlyCount "102"]
[EventDate "2020.02.27"]
[EventType "tourn"]
[EventCountry "USA"]
[SourceTitle "playchess.com"]
[Source "ChessBase"]
[SourceQuality "1"]

{[%evp 9,102,-15,-10,-6,-6,-27,-11,-30,-22,-9,-7,-6,-3,-10,-9,-14,-11,-22,0,0,0,-21,-7,-18,-17,-45,-39,-29,-20,-19,-20,-22,-22,-29,-10,-22,-14,-22,-22,-22,-22,-22,-22,-37,0,0,0,0,0,0,25,0,0,-109,-107,-95,-94,-111,-96,-496,-481,-635,-625,-598,-572,-940,-370,-370,-370,-431,-422,-406,-402,-513,-486,-486,-486,-486,-486,-816,-816,-1190,-1240,-2420,-933,-12841,-6133,-12841,-12842,-29991,-29992,-29992,-29993,-29993,-29994]} 1. b3 Nf6 2. Bb2 g6 3. Bxf6 exf6 4. c4 b6 5. Nc3 Bb7 6. e3 {A01: Nimzowitsch-Larsen Opening.} f5 7. Nf3 Bg7 8. Be2 {The position is equal.} O-O 9. Rc1 c5 10. O-O Nc6 {[%cal Bb8c6,Bc6e7,Be7c8,Bc8d6][%mdl 32]} 11. d4 cxd4 12. exd4 {[#]} Qf6 $146 {[%cal Rc6d4]} ({Predecessor:} 12... Re8 13. Nb5 d6 14. d5 Ne5 15. Re1 a6 16. Nbd4 Nxf3+ 17. Nxf3 Qf6 18. Qd2 a5 {0-1 (44) Garcia Ramos,D (2231)-Swayams,M (2465) Montcada 2016}) 13. d5 Ne7 14. Qd2 Nc8 15. Nb5 a6 16. Nc3 Nd6 17. Na4 b5 18. Nb6 Rad8 19. cxb5 Nxb5 20. Bxb5 Qxb6 ({Reject} 20... axb5 $6 21. Qa5 $16) 21. Bc4 d6 22. Rfe1 Rfe8 23. Re2 Bf6 24. Rce1 Rxe2 25. Rxe2 Rc8 26. h4 Kg7 27. h5 a5 28. h6+ Kg8 29. Qf4 Qd8 30. g4 fxg4 31. Bb5 (31. Qxg4 $11 {keeps the balance.} Bh8 32. Qe4) 31... Qf8 $1 $17 32. Qxf6 {Threatens to win with Ng5.} gxf3 33. Re7 Bxd5 34. Qxd6 $2 {[%mdl 8192] This costs White the game.} (34. Qg5 $17) 34... Qxh6 $19 {( -> ...Rc1+)} 35. Bf1 (35. Qxd5 {gets mated.} Rc1+ 36. Qd1 Qg5+ $1 {[%mdl 512]} 37. Kf1 Rxd1+ 38. Re1 Qg2#) 35... Qg5+ 36. Kh2 Be6 37. Rb7 Qc5 $2 (37... Qh4+ 38. Kg1 {[#]} Rc1 $1 {[%mdl 512]} 39. Rb8+ Bc8) 38. Qxc5 Rxc5 {[%mdl 4096] Endgame KRB-KRB} 39. Rb8+ Kg7 40. Kg3 Rc2 41. a4 Rb2 42. Ra8 Rxb3 43. Rxa5 Ra3 44. Bb5 (44. Rc5 $142 Rxa4 45. Bh3) 44... g5 45. Bc6 Kf6 46. Ra7 h5 47. a5 h4+ 48. Kh2 g4 49. a6 {[#]} g3+ $1 {Black mates.} 50. fxg3 Ra2+ 51. Kh1 f2 {Accuracy: White = 55%, Black = 91%.} 0-1

[Event "Marshall Chess Club GM 2020"]
[Site "New York"]
[Date "2020.03.02"]
[Round "9"]
[White "Paragua, Mark"]
[Black "Perunovic, Milos"]
[Result "1/2-1/2"]
[WhiteElo "2513"]
[BlackElo "2591"]
[Annotator "TA"]
[PlyCount "36"]
[EventDate "2020.02.27"]
[EventType "tourn"]
[EventCountry "USA"]
[SourceTitle "playchess.com"]
[Source "ChessBase"]
[SourceQuality "1"]

{[%evp 16,18,6,4,1]} 1. Nf3 c5 2. g3 Nc6 3. Bg2 g6 4. O-O Bg7 5. c4 d6 6. Nc3 e5 7. a3 a5 8. d3 Nge7 9. Ne1 Be6 {[#] A rather calm draw. A37: Symmetrical English vs ...g6: 4 Bg2 Bg7 5 Nf3.} {Predecessor:} 10. Nc2 $146 d5 11. cxd5 Nxd5 12. Ne3 Nde7 13. Nc4 O-O 14. Bg5 f6 15. Be3 b6 16. Qb3 Rb8 17. Qa4 Nd4 18. Bxd4 exd4 {0-1 (57) Christiansen,J (2558)-Bachmann,A (2629) chess24.com INT 2019} 1/2-1/2